LEADER 01001cam0-2200361---450- 001 990004133350403321 005 20111109150829.0 035 $a000413335 035 $aFED01000413335 035 $a(Aleph)000413335FED01 035 $a000413335 100 $a19990604d1971----km-y0itay50------ba 101 0 $aita 102 $aIT 105 $a--------001cy 200 1 $aScritti letterari$fVincenzo Gioberti$ga cura di Ernesto Travi 210 $aMilano$cMarzorati$d1971 215 $a256 p.$d22 cm 225 1 $aScrittori italiani$iSezione letteraria 676 $a854.7 700 1$aGioberti,$bVincenzo$f<1801-1852>$068480 702 1$aTravi,$bErnesto 801 0$aIT$bUNINA$gRICA$2UNIMARC 901 $aBK 912 $a990004133350403321 952 $a854.7 GIO 1$bIst.ped.2628$fFLFBC 952 $aF.Russo 1136$fBAT 952 $a854.7 GIO 1BIS$bIst.f.m.22098$fFLFBC 959 $aFLFBC 959 $aBAT 959 $aFLFBC 996 $aScritti letterari$9131851 997 $aUNINA LEADER 01317nam 2200361 450 001 9910688315003321 005 20230624081909.0 035 $a(CKB)5400000000043553 035 $a(NjHacI)995400000000043553 035 $a(EXLCZ)995400000000043553 100 $a20230624d2020 uy 0 101 0 $aeng 135 $aur||||||||||| 181 $ctxt$2rdacontent 182 $cc$2rdamedia 183 $acr$2rdacarrier 200 00$aLivestock Health and Farming /$fedited by Abubakar Muhammad. 210 1$aLondon, United Kingdom :$cIntechOpen,$d2020. 215 $a1 online resource (156 pages) 311 $a1-78984-636-6 330 $aLivestock Health and Farming provides a detailed description of key aspects of livestock health issues and farming practices. Chapters cover such topics as antimicrobial resistance in livestock, nutrition and its role in animal health and farming, nutrition and health management in dairy animals, and livestock feeding in semi-arid regions. 606 $aAnimal health 606 $aFarms 615 0$aAnimal health. 615 0$aFarms. 676 $a636.0893 702 $aMuhammad$b Abubakar 801 0$bNjHacI 801 1$bNjHacl 906 $aBOOK 912 $a9910688315003321 996 $aLivestock Health and Farming$91952070 997 $aUNINA